000 00299nam a2200121Ia 4500
008 190216s9999||||xx |||||||||||||| ||und||
100 _aSivakumar Asthana
245 0 _aHindi- Brugathar Bharathi Ki Simathi Seemayam
260 _bLokahit Prakashan
300 _a105
650 _aHindi
942 _cBK
999 _c16137
_d16137